000 00517nam a22002051i 4500
001 bimo0000898447
003 OSt
005 20130620141749.0
008 900725s1979 sp spa
035 _a(OCoLC)431830024
040 _aSpMaBN
_cBMC
082 _aVe863.44
100 _aGallegos, Rómulo
_d1884-1969
_9132
245 1 0 _aReinaldo solar
_cRómulo Gallegos
250 _a7ª ed
260 0 _aBuenos Aires
_bEspasa-Calpe
_c1976
300 _a225 p.
_c18 cm
490 0 _aAustral
_v244
942 _2ddc
_cBK
999 _c181
_d181